000 00503nam a2200133 a 4500
001 000040485
005 20201002034148.0
008 130826s2012 dr 000 0 spa d
040 _aDO-SdBNP
_bspa
_cBNPHU
111 1 _aRepública Dominicana
_bCámara de Diputados
_966791
245 1 0 _aInforme de gestión :
_bperiodo legislativo 2011 -2012, 16 de agosto de 2011 25 de julio de 2012 /.
260 _aSanto Domingo :
_bCámara de Diputados,
_c2012.
300 _a155 p. :
_bil., gráf.,mapas, retrs., ;
_c28 cm.
999 _c39975
_d39975